Bitcoin And CryptocurrencyTechnologies : A Comprehensive Introduction (113/3) (Record no. 19928)
[ view plain ]
| 000 -LEADER | |
|---|---|
| fixed length control field | 00412nam a22001217a 4500 |
| 008 - FIXED-LENGTH DATA ELEMENTS--GENERAL INFORMATION | |
| fixed length control field | 230412b |||||||| |||| 00| 0 eng d |
| 020 ## - INTERNATIONAL STANDARD BOOK NUMBER | |
| ISBN | 978-0-691-17169-2 |
| 100 ## - MAIN ENTRY--AUTHOR NAME | |
| Personal name | Narayanan, A. & Bonneau, J. |
| Fuller form of name | Arvind Narayanan & Joseph Bonneau |
| 245 ## - TITLE STATEMENT | |
| Title | Bitcoin And CryptocurrencyTechnologies : A Comprehensive Introduction (113/3) |
| 260 ## - PUBLICATION, DISTRIBUTION, ETC. (IMPRINT) | |
| Place of publication | UK |
| Name of publisher | Princeton University Press |
| Year of publication | 2016 |
| 300 ## - PHYSICAL DESCRIPTION | |
| Number of Pages | 304 |
| 942 ## - ADDED ENTRY ELEMENTS (KOHA) | |
| Source of classification or shelving scheme | Dewey Decimal Classification |
| Koha item type | Books |
| Accession Number | Bill Date | Source of acquisition | Price effective from | Koha item type | Withdrawn / writtenoff status | Damaged status | Not for loan | Permanent Location | Current Location | Shelving location | Date acquired | Lost/ Missing status | department |
|---|---|---|---|---|---|---|---|---|---|---|---|---|---|
| BE 24795 | 10-04-2023 | ABD, Jammu | 04/12/2023 | Books | Not For Loan | MIET Library, Jammu | MIET Library, Jammu | 113/3 | 04/11/2023 | BE |